000 00815nam a22003010a 4500
001 PT40121
003 AR-LpoUNG
005 20210131230705.0
008 191001s2005||||ag |||||||||||||||||spa d
020 _a9789870402121
_c$7
040 _aAR-LpoUNG
_bspa
_cAR-LpoUNG
_eaacr
041 _aspa
044 _aag
082 0 _a808.068 3 473nad
100 1 _aPescetti, Luis María
245 1 0 _aNadie te creería
250 _a2§ edición, 5§ reimpresión
260 _aBuenos Aires :
_bAlfaguara,
_cagosto de 2005.
300 _a175 p. :
_bil.
505 0 _aSugerido a partir de 8 años (etiqueta CELESTE)
650 4 _aCUENTOS
650 4 _aLITERATURA
651 4 _aDOCUMENTOS TEORICOS O METODOLOGICOS
653 _aLITERATURA INFANTIL
700 1 _aO'Kif
_eil.
905 _a40121
942 _cLIB
999 _c5650
_d5650